00907naa#a2200181#i#4500001001600000005001700016011001400033100004100047102000700088200022600095210020500321215001000526608004500536675005200581700003200633700003000665856003000695RU\\bibl\12137720260428112456.2##a1994-4683##a20230531b2023####ek#y0rusy0150####ca##aRU1#aОЦЕНКА ЭФФЕКТИВНОСТИ МЕТОДОВ САМОКОНТРОЛЯ ФИЗИЧЕСКОГО СОСТОЯНИЯ ПРИ СДАЧЕ НОРМАТИВОВ КОМПЛЕКСА ГТОeЖурнальная статья1#aМоскваcНациональный государственный Университет физической культуры, спорта и здоровья им. П.Ф. Лесгафтаd2023##a4 с.##aЖурнальная статья2local##aСистема тренировки. 796.015.14#1aАбдрашитовgР И#1aХайруллинgР Р4#auchzapiski.lesgaft.spb.ru